000
00336 a2200133 4500
000
nam a22 7a 4500
100
_a
इंदु सोनी
110
_a
इंदु सोनी
245
_a
योग एवं खेल
250
_a
latest edition
260
_b
shivalik
_c
2023
264
_b
shivalik
_c
2023
942
_c
BK
999
_c
396231
_d
396231